|
|
|
|
| LEADER |
00000cam a22000004a 4500 |
| 001 |
musev2_99433 |
| 003 |
MdBmJHUP |
| 005 |
20230905053427.0 |
| 006 |
m o d |
| 007 |
cr||||||||nn|n |
| 008 |
181210t20182018ohu o 00 0 eng d |
| 010 |
|
|
|z 2018031924
|
| 020 |
|
|
|a 9780821446577
|
| 020 |
|
|
|z 9780821423516
|
| 035 |
|
|
|a (OCoLC)1056177256
|
| 040 |
|
|
|a MdBmJHUP
|c MdBmJHUP
|
| 100 |
1 |
|
|a Kendhammer, Brandon.
|4 aut
|
| 245 |
1 |
0 |
|a Boko Haram /
|c Brandon Kendhammer and Carmen McCain.
|
| 264 |
|
1 |
|a Athens, Ohio :
|b Ohio University Press.
|
| 264 |
|
3 |
|a Baltimore, Md. :
|b Project MUSE,
|c 2022
|
| 300 |
|
|
|a 1 online resource (220 pages):
|b cartes. ;
|
| 336 |
|
|
|a text
|b txt
|2 rdacontent
|
| 337 |
|
|
|a computer
|b c
|2 rdamedia
|
| 338 |
|
|
|a online resource
|b cr
|2 rdacarrier
|
| 490 |
0 |
|
|a Ohio short histories of Africa
|
| 505 |
0 |
|
|a A Nigerian origin story -- The evolution of a movement -- A nation in crisis -- A tale of two countries -- Who speaks for Boko Haram's victims?
|
| 588 |
|
|
|a Description based on print version record.
|
| 610 |
2 |
6 |
|a Boko Haram
|x Histoire.
|
| 610 |
2 |
7 |
|a Boko Haram.
|2 ram
|
| 610 |
2 |
7 |
|a Boko Haram.
|2 fast
|0 (OCoLC)fst01912021
|
| 610 |
2 |
0 |
|a Boko Haram
|x History.
|
| 650 |
|
6 |
|a Conflits sociaux
|z Nigeria (Nord)
|x Aspect religieux.
|
| 650 |
|
6 |
|a Terrorisme
|x Prevention
|x Politique gouvernementale
|z Nigeria.
|
| 650 |
|
6 |
|a Organisations terroristes
|z Nigeria (Nord)
|x Histoire
|y 21e siecle.
|
| 650 |
|
7 |
|a Conflits sociaux
|z Nigeria.
|2 ram
|
| 650 |
|
7 |
|a Islam et politique
|z Nigeria.
|2 ram
|
| 650 |
|
7 |
|a Terroristes
|z Nigeria.
|2 ram
|
| 650 |
|
7 |
|a Terrorisme islamiste
|z Nigeria.
|2 ram
|
| 650 |
|
7 |
|a Terrorist organizations.
|2 fast
|0 (OCoLC)fst01941188
|
| 650 |
|
7 |
|a Terrorism
|x Prevention
|x Government policy.
|2 fast
|0 (OCoLC)fst01148127
|
| 650 |
|
7 |
|a Social conflict
|x Religious aspects.
|2 fast
|0 (OCoLC)fst01122395
|
| 650 |
|
7 |
|a Social conditions.
|2 fast
|0 (OCoLC)fst01919811
|
| 650 |
|
7 |
|a Politics and government.
|2 fast
|0 (OCoLC)fst01919741
|
| 650 |
|
0 |
|a Social conflict
|z Nigeria, Northern
|x Religious aspects.
|
| 650 |
|
0 |
|a Terrorism
|x Prevention
|x Government policy
|z Nigeria.
|
| 650 |
|
0 |
|a Terrorist organizations
|z Nigeria, Northern
|x History
|y 21st century.
|
| 651 |
|
6 |
|a Nigeria
|x Politique et gouvernement
|y 21e siecle.
|
| 651 |
|
6 |
|a Nigeria (Nord)
|x Conditions sociales
|y 21e siècle.
|
| 651 |
|
7 |
|a Northern Nigeria.
|2 fast
|0 (OCoLC)fst01692622
|
| 651 |
|
7 |
|a Nigeria.
|2 fast
|0 (OCoLC)fst01205229
|
| 651 |
|
0 |
|a Nigeria
|x Politics and government
|y 21st century.
|
| 651 |
|
0 |
|a Nigeria, Northern
|x Social conditions
|y 21st century.
|
| 655 |
|
7 |
|a History.
|2 fast
|0 (OCoLC)fst01411628
|
| 655 |
|
7 |
|a Electronic books.
|2 local
|
| 700 |
1 |
|
|a McCain, Carmen.
|4 aut
|
| 710 |
2 |
|
|a Project Muse.
|e distributor
|
| 830 |
|
0 |
|a Book collections on Project MUSE.
|
| 856 |
4 |
0 |
|z Texto completo
|u https://projectmuse.uam.elogim.com/book/99433/
|
| 945 |
|
|
|a Project MUSE - Custom Collection
|